000 00510nam a22001932 4500
001 0000002744
005 20170406114452.0
008 140401s xx 000 0 eng d
020 _c$
040 _aYour Holding Symbol
_cYour Holding Symbol
100 1 _aSargent,Stansfeld S.
245 1 0 _aSocial psychology.
250 _a ed.
260 _aNew york :
_bThe rolnald press,
_c1966.
300 _a733 p. ;
_c cm.
504 _aindex.
650 0 _asocial psychology.
908 _a140401
999 _c2630
_d2630